Cliquez pour compléter le titre de la chanson - Animaux #1 - Statistiques

Statistiques générales
  • Ce quiz a été pris 69 051 fois
  • Le résultat moyen est 9 sur 15
Statistiques - réponses
Hint Extra Hint Explanation Réponse % Correct
L'Effet ___ Bénabar Papillon
93%
Le ___ est mort ce soir Henri Salvador Lion
93%
Pandi- Chantal Goya Panda
88%
Zobi la ___ Les Négresses vertes Mouche
77%
La Danse des ___ J. J. Lionel Canards
71%
L'___ noir Barbara Aigle
70%
L'___ et l'enfant Marie Myriam Oiseau
65%
Le Petit ___ gris Hugues Aufray Ane
59%
Papa ___ Pigloo Pingouin
59%
Le Cimetière des ___ Eddy Mitchell Eléphants
59%
Cœur de ___ Philippe Lafontaine Loup
55%
Je descends du ___ Marc Lavoine Singe
44%
Le ___ Georges Brassens Gorille
40%
Le ___ dans la vitrine Line Renaud Chien
37%
Le Petit ___ est mort Renaud Chat
34%
Aucun quiz correspondant
Distribution des résultats
% des personnes avec chaque résultat
Percentile par nombre de réponses
Votre historique - résultats
Vous n’avez pas pris ce quiz